00371nam a2200133Ia 4500008004100000020001500041041000800056082001600064100002100080245006700101260003800168300001800206365001300224210423s2001 xx 000 0 und d a3540780947 aeng a530.15 HASS aHASSANI (Sadri). aMathematical physics:a modern introduction to its foundations. aNew DelhibSpringer Pvt Ltdc2001 axxii,1025bPB b925cINR